MDQL
is popping MORE tags! Check the
thread
!
Quizzes
Events
Quiz Creation
Community
Videos
Private Events
Remove Ads
Sign In
Join for FREE
Feedback
Dark Mode
Quiz Categories
Sports
Geography
Music
Movies
Television
Just For Fun
Miscellaneous
History
Literature
Language
Science
Gaming
Entertainment
Religion
Holiday
For Kids
Quiz Lab
Recent
Popular Today
Quiz Kudos Today
Editor Picks
Curator Picks
Quizzes by...
Day
Popularity
Type
Ratings
Length
Year
Community
Subscriptions
Recent Discussions
Orange Saloon
Badges
Playlists
Quests
Create
Leaderboards
Showdown
Live 5
Trivia Bingo
Activity
Puzzle Library
Sporcle Events
Private Events
Virtual Trivia
Globe League
Become a Host
Pub Owners
SporcleCon
Opinionation
Our Games
Videos
Blog
Mobile Apps
Partnerships
Remove Ads and Go Orange
Feedback
Holiday
Halloween
Christmas
Holiday Songs
April Fools'
Thanksgiving
Valentine's Day
Easter
St Patrick's Day
National Holiday
Religious Holiday
Holiday
Halloween
Christmas
Holiday Songs
April Fools'
Thanksgiving
Valentine's Day
Easter
St Patrick's Day
National Holiday
Religious Holiday
Random Quiz
Search Sporcle
×
Featured
Featured
Holiday
Minefield
Click on regions of an image
Click on regions of an image
Picture Click
Best Score? Go Orange.
Heart Invaders Stats
Can you quickly eliminate bad love memories by hiding (ie. clicking) only the broken hearts so you can try to love again?
By
Sheldon
30s
50 Questions
20.3K Plays
20,341 Plays
20,341 Plays
Comments
Comments
Give Quiz Kudos
Give Quiz Kudos
-
- Ratings
hide this ad
Minefield
Wrong answers will end the quiz
Wrong answers will end the quiz
Replay
Link that replays current quiz
Next Quiz
Link to next quiz in quiz playlist
You Got
0%
They Got
Avg Score
82%
Avg Friend Score
Upgrade to see
Score Distribution
Jump to the score distribution portion of the page
Score
0/50
Timer
00:30
0
Plays Today
% Correct
???
94.1%
???
94%
???
93.8%
???
92.9%
???
89.2%
???
89.1%
???
88.5%
???
87.4%
???
87.4%
???
87.3%
???
87.1%
???
86.8%
???
86.7%
???
86.3%
???
86.1%
???
85.8%
???
85.8%
???
85.5%
???
84.5%
???
84.5%
???
84.1%
???
84%
???
83%
???
82.8%
???
82.4%
% Correct
???
82.4%
???
82%
???
82%
???
81.9%
???
81.8%
???
81.3%
???
80.8%
???
80.1%
???
80.1%
???
78.7%
???
78.5%
???
78.2%
???
77.7%
???
77.2%
???
77.2%
???
76.4%
???
76.4%
???
75.6%
???
74.9%
???
74.4%
???
73.1%
???
72.8%
???
72.7%
???
69.1%
???
67.9%
Quiz Playlist
Details
Report
Send in Message
Add To Playlist
Picture Click:
Click on regions of an image
Minefield:
Wrong answers will end the quiz
Last Updated: Feb 14, 2022
Featured
Editor Pick in
Holiday
Curator Pick in
Valentine's Day
Quiz Scoreboard
CHALLENGE
Sign Up to Join the Scoreboard
Show All
Scores
Hide
Comments
May contain spoilers
Recently Published
Image Sorting: Flags VI
by Barbecue
Geography
2m
Find the 'City' Movie
by crazypaving
Movies
60s
Colored Red Africa Blitz
by spor1
Geography
45s
More to Explore
Quiz From the Vault
Featured Blog Post
14 Easter Pick-up Lines to Find Eggs With
hide this ad
You Might Also Like...
Tags
Blitz Quiz
Minefield Quiz
Valentine's Day Quiz
broken
eliminate
heart
Invader
Love
Today's Top Quizzes in Holiday
Browse Holiday
hide this ad
Today's Top Quizzes in Minefield
Browse Minefield
Top Contributed Quizzes in Holiday
1
Pick the Easter Eggs hidden in the Garden
2
5-to-1: Holiday Songs
3
Picture Click Blitz: Easter
4
April Fools' Zebra Puzzle
5
5-to-1: Thanksgiving
6
Easter Teddy Bears
7
Draw a Badge: Hey, It's Leap Day
8
Easter - Did You Know?
9
New Year’s Party Puzzle
10
Holidays Spelling Bee
Explore More
Trending Topics
Kpop
NBA
Harry Potter
Disney
Marvel
Crossword
Anime
Song
The Office
Puzzle
WWE
Soccer
Country
NFL
Pokémon
hide this ad
More By:
Sheldon
Quiz
Plays
Rating
Category
Featured
Created
World Champion Countries
162,769
4.55
Sports
Jun 12, 2010
Easter Eggs
138,457
4.64
Holiday
Apr 7, 2014
Top Grossing 'C' Movies Before 2020
122,999
4.46
Movies
Dec 16, 2013
Top Grossing 'A' Movies Before 2020
122,420
4.57
Movies
Dec 15, 2013
Top Grossing 'B' Movies Before 2020
122,416
4.64
Movies
Dec 15, 2013
Go to Creator's Profile
Score Distribution
Quiz Creator Spotlight
Sheldon
Follow
Send a Message
Quizzes Created
-
Created Quiz Play Count
-
More By This Creator
Popular Quizzes Today
1
Colored Red Africa Blitz
2
Find the US States - No Outlines Minefield
3
Find the 'City' Movie
4
5x2 Blitz: Bands
5
The Countries of the World
6
Find the US States
7
Find the Countries of Europe - No Outlines Minefield
8
US States
More Holiday Quizzes
Religious Days Sorting Blitz
Published
Trending Quizzes
Colored Red Europe Blitz I
Colored Red Africa Blitz II
Colored Red Europe Blitz II
Colored Red Africa Blitz III
Colored Red Europe Blitz III
Recently Updated
How Do You Spell That?
pecheneg
Godzilla Movies
pecheneg
Grab Bag: 4-10 Letters
pecheneg
2024 March Madness Bracket
pecheneg
Famous TV Couples
Peacemaker
Champions League XIs: Real Madrid
pecheneg
Largest US Cities 1790-2010
pecheneg
Rides in Walt Disney World
pecheneg
Most Oscar Losses (Acting)
pecheneg
Beyoncé Albums
pecheneg
Trending Topics
Marvel
Anime
NBA
Harry Potter
Disney
Crossword
Kpop
Song
NFL
Pokémon
Puzzle
The Office
Soccer
Country
WWE
Your Account Isn't Verified!
In order to create a playlist on Sporcle, you need to verify the email address you used during registration. Go to your
Sporcle Settings
to finish the process.
Report this User
Report this user for behavior that violates our
Community Guidelines
.
Details:
Send Report
Go to the Sporcle.com Mobile Site →
Comments